-
Fernández Sméster, Federico Ismael,
Entrada Nombre personal
Número de registros utilizados en: 1
001 - NÚMERO DE CONTROL
003 - IDENTIFICADOR DEL NÚMERO DE CONTROL
- campo de control:
DR-UNIBE
005 - FECHA Y HORA DE LA ÚLTIMA TRANSACCIÓN
- campo de control:
20260302121441.0
008 - DATOS DE LONGITUD FIJA
- campo de control de longitud fija:
260302|| aca||aabn | a|a d
040 ## - FUENTE DE LA CATALOGACIÓN
- Centro catalogador/agencia de origen:
DR-UNIBE
- Centro/agencia transcriptor:
DR-UNIBE
100 ## - ENCABEZAMIENTO-NOMBRE DE PERSONA
- Nombre de persona:
Fernández Sméster, Federico Ismael,
- Fechas asociadas al nombre:
1927-
670 ## - FUENTE DE DATOS ENCONTRADOS
- Cita de la fuente:
Work cat.: (DR-UNIBE)114411: Fernández Sméster, Federico Ismael, 1927- autor, Historia de la aviación militar dominicana /, 2025